00852nam a22002417a 450000500170000001000150001702000260003203500130005803700130007108200080008410000270009224500410011926000380016027000700019830000210026850000510028965000180034065000400035865000400039894200220043899900170046095201330047720120514105321.0 aENG-105254 c150.00a9788124605165 aEN-88787 bDBAD/PUB a270 aSharma, Arvind 947035E aIslam for Hindus /cby Arvind Shama  aNew Delhi bD.K. Printworldc2009 aF-52, Bali Nagar, Ramesh Nagar Metro Station bNew Delhi e110015 a94p. c22cm(pbk) aIncludes bibliographical references and index  aIslam.947036 aIslamxRelations xHinduism.947037 aHinduismxRelations x Islam947038 2ddccENh270mSHA c66553d66553 001040718NFICaDBADbDBADd2012-05-14eDBAD/PUBg150.00l0o270 SHApEN-88787r2012-05-14 00:00:00t1v150.00w2012-05-14yEN